Statistics for Hunger Games Movie by Box Office

Click here to take the quiz!

General Stats

  • This quiz has been taken 73 times
  • The average score is 3 of 5

Answer Stats

Box OfficeMovie% Correct
$755.4 MillionThe Hunger Games: Mockingjay part 1
88%
$653.4 MillionThe Hunger Games: Mockingjay part 2
83%
$694.4 MillionHunger Games
81%
$2.9682 BillionTotal
5%
$865 MillionThe Hunger Games: Catching Fire
0%

Score Distribution

Percentile by Number Answered

Percent of People with Each Score

Your Score History

You have not taken this quiz